000 01410cam a2200133 4500500
005 20260405011441.0
041 _afre
042 _adc
100 1 0 _aBerthier, Nicole
_eauthor
245 0 0 _aLes techniques d'enquête en sciences sociales : Méthodes et exercices corrigés
260 _bArmand Colin,
_c2023.
520 _aCe manuel propose un apprentissage guidé pour être en mesure de réaliser une enquête, par questionnaires et entretiens de qualité, dans le cadre des études en sciences sociales. Avec cet ouvrage à la fois complet et accessible, construit en quatre parties, « Préparer », « Questionner », « Récolter », « Analyser », vous avancerez pas à pas dans l’enquête, en apprenant successivement : – à choisir une stratégie et définir les contenus ; – élaborer les questions d’entretien ou de questionnaire ; – tirer parti des données recueillies. Les exposés de chaque chapitre présentent la méthode de l’enquête. Ils sont immédiatement suivis d’exercices d’application concrète de niveaux de difficulté variée, avec leurs corrigés détaillés permettant de s’approprier la méthode, d’acquérir des savoir-faire, de réfléchir sur ses pratiques et de disposer de modèles utilisables.
856 4 1 _uhttps://shs.cairn.info/les-techniques-d-enquete-en-sciences-sociales--9782200635459?lang=fr&redirect-ssocas=7080
999 _c2094890
_d2094890